Histoire de la littérature française des XXe et XXIe siècles (notice n° 1949265)

détails MARC
000 -LEADER
fixed length control field 01085cam a2200133 4500500
005 - DATE AND TIME OF LATEST TRANSACTION
control field 20260329031736.0
041 ## - LANGUAGE CODE
Language code of text/sound track or separate title fre
042 ## - AUTHENTICATION CODE
Authentication code dc
100 10 - MAIN ENTRY--PERSONAL NAME
Personal name Labouret, Denis
Relator term author
245 00 - TITLE STATEMENT
Title Histoire de la littérature française des XXe et XXIe siècles
260 ## - PUBLICATION, DISTRIBUTION, ETC.
Name of publisher, distributor, etc. Armand Colin,<br/>
Date of publication, distribution, etc. 2018.<br/>
520 ## - SUMMARY, ETC.
Summary, etc. L’auteur propose ici une synthèse équilibrée, aussi attentive aux écrivains de la « Belle Époque » qu’à la production la plus contemporaine. Sans les illusions déformantes d’une interprétation « moderniste » ou « traditionaliste », l’histoire de la littérature des XXe et XXIe siècles qu’il dessine n’est pas plus celle d’un progrès que celle d’une décadence. Cet ouvrage suit les mutations de la littérature dans l’histoire. Le panorama qu’il dresse des ouvrages les plus récents en fait un outil unique pour l’étudiant confronté aux problématiques littéraires de notre temps.
856 41 - ELECTRONIC LOCATION AND ACCESS
Uniform Resource Identifier <a href="https://shs.cairn.info/histoire-de-la-litterature-francaise-des-xxe-et-xx--9782200622381?lang=fr&redirect-ssocas=7080">https://shs.cairn.info/histoire-de-la-litterature-francaise-des-xxe-et-xx--9782200622381?lang=fr&redirect-ssocas=7080</a>

Pas d'exemplaire disponible.

PLUDOC

PLUDOC est la plateforme unique et centralisée de gestion des bibliothèques physiques et numériques de Guinée administré par le CEDUST. Elle est la plus grande base de données de ressources documentaires pour les Étudiants, Enseignants chercheurs et Chercheurs de Guinée.

Adresse

627 919 101/664 919 101

25 boulevard du commerce
Kaloum, Conakry, Guinée

Réseaux sociaux

Powered by Netsen Group @ 2025